| 000 | 00403cam a22001217a 4500 | ||
|---|---|---|---|
| 008 | 180718b1967 xxu||||| |||| 00| 0 eng d | ||
| 082 | _aA81x5444 In2/61/16 | ||
| 100 | _aCensus of India 1961 | ||
| 245 | _aMysore state district census handbook, Raichur | ||
| 260 |
_aBangalore _bThe Director of Printing, Stationery and Publications _c1967 |
||
| 300 | _av.p. | ||
| 440 | _aCensus of India 1961. Mysore state | ||
| 999 |
_c484761 _d484761 |
||